000
00336 a2200157 4500
001
62916
020
_a
9788578883621
040
_c
Anchieta - Pituba
100
_a
Drummond, Regina
240
1
0
_a
Quando tudo muda
_l
por
245
1
0
_a
Quando tudo muda
300
_a
224
362
0
_a
2016
650
4
_a
Literatura juvenil
942
_c
BK
999
_c
62916
_d
62916